Handling and storage of oilseeds, oils, fats and meal
Saved in:
| Hovedforfatter: | |
|---|---|
| Format: | Bog |
| Sprog: | engelsk |
| Udgivet: |
Londres
Elsevier
1989
|
| Serier: | Elsevier applied science
|
| Fag: | |
| Tags: |
Tilføj Tag
Ingen Tags, Vær først til at tagge denne postø!
|
MARC
| LEADER | 00000nam a2200000 a 4500 | ||
|---|---|---|---|
| 001 | UCY2750 | ||
| 003 | CL-VaPUC | ||
| 008 | 941116e19890000UK |||||||||||||||||eng|d | ||
| 082 | 0 | 4 | |a 664.3 |b PAT |2 21 |
| 100 | 0 | |a Patterson, Henry Basil Wilberforce |e author |9 330833 | |
| 245 | 1 | 0 | |a Handling and storage of oilseeds, oils, fats and meal |
| 300 | |a 394 p | ||
| 942 | |c BK | ||
| 945 | |d 19941116 00:00:00 |a mfernand | ||
| 260 | |a Londres |b Elsevier |c 1989 | ||
| 650 | 0 | |a Aceites y grasas |9 263947 | |
| 650 | 7 | |a SEMILLAS OLEAGINOSAS |2 CL-VaPUC |9 330834 | |
| 583 | |a last modification |c 19941116 00:00:00 |k Rodrigo Vera | ||
| 490 | 0 | |a Elsevier applied science | |
| 999 | |c 231078 |d 231076 | ||
| 952 | |0 0 |1 0 |4 0 |6 664_300000000000000_PAT_1989 |7 0 |8 A |9 233895 |a BIBALI |b BIBALI |c GEN |d 2019-11-15 |i 3037037 |o 664.3 PAT 1989 |p 3037037 |r 2025-01-20 |w 2019-11-15 |y BK |k ALI | ||